00671nam a2200157 a 4500008004100000050002300041110007100064245017900135260004700314300002200361350000900383650004700392650001100439650003000450650003300480150327s1977 ||||||||||||||||| || u aGOV.ZAM(02)1977/3A aGovernment of the Republic of Zambia. Office of the Prime Minister10aFinal report of the Zambia managerial manpower and training needs survey of the private and parastatal sectorscprepared by the Management Development and Advisory Service... aLusaka:bZambia. Government Printersc1977 axviii, 376p : ill a0.00 aMANPOWER DEVELOPMENT--DEVELOPING COUNTRIES aZAMBIA aMANPOWER PLANNING--ZAMBIA aMANPOWER DEVELOPMENT--ZAMBIA